000 01320nam a2200169Ia 4500
005 20250714155851.0
008 250714s9999 xx 000 0 und d
020 _a9780521564960
082 _a935
_bPOT
100 _aPotts, D. T.
245 4 _aThe Archaeology of Elam
260 _bCambridge University Press
_c1999
300 _a528 pages
500 _aFrom the middle of the 3rd millennium BC until the coming of Cyrus the Great, southwestern Iran was referred to in Mesopotamian sources as the land of Elam. A heterogeneous collection of regions, Elam was home to a variety of groups, alternately the object of Mesopotamian aggression, and aggressors themselves; an ethnic group seemingly swallowed up by the vast Achaemenid Persian empire, yet a force strong enough to attack Babylonia in the last centuries BC. The Elamite language is attested as late as the Medieval era, and the name Elam as late as 1300 in the records of the Nestorian church. This book examines the formation and transformation of Elam's many identities through both archaeological and written evidence, and brings to life one of the most important regions of Western Asia, re-evaluates its significance, and places it in the context of the most recent archaeological and historical scholarship.
650 _aHistory
942 _cENGLISH
999 _c575771
_d575771